| Tag |
First Indicator |
Second Indicator |
Subfields |
| LEADER |
00000cam a2200000 a 4500 |
| 001 |
in00000087693 |
| 005 |
20151008062945.0 |
| 008 |
811207s1981 miua b 00110 eng |
| 010 |
|
|
|a 81066619
|
| 020 |
|
|
|a 0250404605
|
| 035 |
|
|
|a (OCoLC)08039177
|
| 035 |
|
|
|9 AAK1280AM
|
| 039 |
0 |
|
|a 2
|b 3
|c 3
|d 3
|e 3
|
| 040 |
|
|
|a DLC
|c DLC
|d OCL
|d TXA
|d UtOrBLW
|
| 049 |
|
|
|a TXAM
|c [985673], 2 [1503670], 3 [1504599]
|
| 050 |
0 |
0 |
|a TJ163.2
|b R67
|
| 082 |
0 |
|
|a 333.79
|2 19
|
| 100 |
1 |
|
|a Rose, Harvey.
|
| 245 |
1 |
4 |
|a The energy crisis, conservation, and solar /
|c Harvey Rose, Amy Pinkerton ; [foreword by Denis Hayes].
|
| 264 |
|
1 |
|a Ann Arbor, Mich. :
|b Ann Arbor Science,
|c [1981]
|
| 264 |
|
4 |
|c ©1981
|
| 300 |
|
|
|a xi, 210 pages :
|b illustrations ;
|c 24 cm.
|
| 336 |
|
|
|a text
|b txt
|2 rdacontent
|
| 337 |
|
|
|a unmediated
|b n
|2 rdamedia
|
| 338 |
|
|
|a volume
|b nc
|2 rdacarrier
|
| 504 |
|
|
|a Includes bibliographical references and index.
|
| 650 |
|
0 |
|a Power resources.
|
| 650 |
|
0 |
|a Energy conservation.
|
| 650 |
|
0 |
|a Solar energy.
|
| 700 |
1 |
|
|a Pinkerton, Amy.
|
| 999 |
|
|
|a MARS
|
| 999 |
f |
f |
|s 8ca653f9-92ca-3e4e-b839-3b01aad69713
|i 0415a4bb-0790-3e4a-ad40-a359b4f75809
|t 0
|
| 952 |
f |
f |
|p ric
|a Texas A&M University
|b Rellis Campus
|c Joint Library Facility
|d Remote Storage
|t 0
|e TJ163.2 R67
|h Library of Congress classification
|i unmediated -- volume
|m A14806012604
|
| 998 |
f |
f |
|a TJ163.2 R67
|t 0
|l Remote Storage
|